000 00402nam a2200157Ia 4500
008 240729s9999 xx 000 0 und d
022 _a1996-840X
245 0 _aSouth African Journal of Chemistry
260 _aSouth Africa
260 _bSabinet
650 _a Chemistry
650 _aScience
856 _uhttps://doaj.org/toc/971cd2bbb01d4446aa2edec18bd26a59
942 _2ddc
942 _cDOAJEJ
999 _c71212
_d71212
945 _a1
_bMadushi Gamage
_c1
_dMadushi Gamage